| 000 | 00506nam a22001937a 4500 | ||
|---|---|---|---|
| 005 | 20260604111840.0 | ||
| 008 | 260604b |||||||| |||| 00| 0 eng d | ||
| 020 |
_a9788119662371 _c2750.00 |
||
| 040 | _aMAIN | ||
| 041 | _aEnglish | ||
| 082 |
_a658.403 _bMOS |
||
| 100 |
_aMoshal, B. S. _927005 |
||
| 245 |
_aOrganisational Theory and Behaviour _b: Text And Cases |
||
| 250 | _a3rd | ||
| 260 |
_aNew Delhi _bAne Books _c2026 |
||
| 300 | _a740 | ||
| 650 |
_aCommerce (PM USHA) _926705 |
||
| 942 | _cBK | ||
| 999 |
_c60987 _d60987 |
||